000 00477nam a2200157 i 4500
001 64482
003 ES-MaACL
005 20230906165135.0
007 t|
008 031224s1917 fr ||||1| fre d
100 1 _aFonsegrive, George-Lespinasse.
_951533
245 1 2 _aL'evolution des idées dans la France contemporaine /
_cGeorge-Lespinasse Fonsegrive.
260 _aParis :
_bBloud et Gay,
_c1917 (
_fPaul Dupont)
300 _a348 p. ;
_c20 cm.
852 _aES-MaACL
_jF-4087
999 _c64482
_d64482